Samajik jarip, gavesana pranali aru parisankha (Record no. 8393)

MARC details
000 -LEADER
fixed length control field 00534cam a2200205ua 4500
008 - FIXED-LENGTH DATA ELEMENTS--GENERAL INFORMATION
fixed length control field 150623n ii |||gr||||Z||||||asm
020 ## - INTERNATIONAL STANDARD BOOK NUMBER
International Standard Book Number 9789381784211
040 ## - CATALOGING SOURCE
Transcribing agency MAIN
041 ## - LANGUAGE CODE
-- asm
082 ## - DEWEY DECIMAL CLASSIFICATION NUMBER
Classification number 301.072
100 ## - MAIN ENTRY--PERSONAL NAME
Personal name Hazarika, Dhiren,
Relator term
245 1# - TITLE STATEMENT
Title Samajik jarip, gavesana pranali aru parisankha
Statement of responsibility, etc. by Dhiren Hazarika
250 ## - EDITION STATEMENT
Edition statement 2nd ed.
260 ## - PUBLICATION, DISTRIBUTION, ETC.
Place of publication, distribution, etc. Jorhat:
Name of publisher, distributor, etc. Bidya bhawan,
Date of publication, distribution, etc. 2013.
300 ## - PHYSICAL DESCRIPTION
Extent 224p.
942 ## - ADDED ENTRY ELEMENTS (KOHA)
Koha item type Books
653 ## - INDEX TERM--UNCONTROLLED
Uncontrolled term Sociology & anthropology
653 ## - INDEX TERM--UNCONTROLLED
Uncontrolled term Social research methods
Holdings
Withdrawn status Lost status Damaged status Not for loan Home library Current library Shelving location Date acquired Total Checkouts Full call number Barcode Date last seen Date last checked out Copy number Price effective from Koha item type
        Central Library, Naharkatiya College Central Library, Naharkatiya College General Stacks 19/09/2020 1 301.072 | HAZ 21394 10/05/2023 08/04/2022 1 19/09/2020 Books

Naharkatiya College © 2020. All rights reserved.

Powered By